[Event "The Sicilian Wing Gambit"]
[Site "SchemingMind.com"]
[Date "2008.08.12"]
[Round "-"]
[White "lemmie"]
[Black "Andreas Flato"]
[Result "1-0"]
[WhiteCountry "NED"]
[BlackCountry "GER"]
[WhiteElo "1744"]
[WhiteRD "47"]
[BlackElo "1779"]
[BlackRD "62"]
[GameID "166932"]

1. e4 c5 2. b4 cxb4 3. a3 e5 4. axb4 Bxb4 5. c3 Bc5 6. d4 exd4 7. cxd4 Bb4+ 8. Bd2 Qb6 9. Nc3 Qxd4 10. Nf3 Qc5
11. Nd5 Bxd2+ 12. Qxd2 Ne7 13. Rc1 Qa3 14. Nc7+ Kf8 15. Nxa8 Nbc6 16. Bb5 f6 17. Nc7 Kf7 18. O-O Rd8 19. Bc4+ Kf8 20. Ng5
1-0

[Event "The Sicilian Wing Gambit"]
[Site "SchemingMind.com"]
[Date "2008.08.13"]
[Round "-"]
[White "langhab"]
[Black "lemmie"]
[Result "0-1"]
[WhiteCountry "PHI"]
[BlackCountry "NED"]
[WhiteElo "1657"]
[WhiteRD "94"]
[BlackElo "1744"]
[BlackRD "47"]
[GameID "166967"]

1. e4 c5 2. b4 cxb4 3. Bc4 e6 4. Bb2 Nc6 5. d4 d5 6. exd5 exd5 7. Bd3 Qg5 8. Qf3 Nf6 9. Qg3 Qxg3 10. hxg3 Bd6
11. Nd2 O-O 12. f4 Re8+ 13. Kf2 Ng4+ 14. Kf1 Ne3+ 15. Kf2 Bf5 16. Bxf5 Nxf5 17. Ne2 Ne3 18. c3 Re7 19. Rae1 Rae8 20. Rh4 Nxg2
0-1

[Event "The Sicilian Wing Gambit"]
[Site "SchemingMind.com"]
[Date "2008.08.13"]
[Round "-"]
[White "langhab"]
[Black "Andreas Flato"]
[Result "1/2-1/2"]
[WhiteCountry "PHI"]
[BlackCountry "GER"]
[WhiteElo "1657"]
[WhiteRD "94"]
[BlackElo "1779"]
[BlackRD "62"]
[GameID "166968"]

1. e4 c5 2. b4 e6 3. b5 d5 4. exd5 exd5 5. Nf3 Nf6 6. d4 c4 7. a4 Bd6 8. Bg5 O-O 9. Be2 Qa5+ 10. Bd2 Bb4
11. c3 Bd6 12. Bc1 Ne4 13. Qc2 Re8 14. Be3 Bg4 15. Nfd2 Bxe2 16. Kxe2 Nxd2 17. Nxd2 Nd7 18. Rhe1 Nf6 19. h3 Ne4 20. Nxe4 Rxe4
21. Kf1 Rae8 22. Re2 Qc7 23. Rae1 g6=
1/2-1/2

[Event "The Sicilian Wing Gambit"]
[Site "SchemingMind.com"]
[Date "2008.08.14"]
[Round "-"]
[White "lemmie"]
[Black "langhab"]
[Result "1-0"]
[WhiteCountry "NED"]
[BlackCountry "PHI"]
[WhiteElo "1744"]
[WhiteRD "47"]
[BlackElo "1657"]
[BlackRD "94"]
[GameID "166969"]

1. e4 c5 2. b4 cxb4 3. a3 bxa3 4. Bxa3 d6 5. d4 Nc6 6. Nf3 Bg4 7. d5 Nb8 8. h3 Bd7 9. Bd3 Nf6 10. O-O g6
11. Bb2 Bg7 12. Bd4 a6 13. Nbd2 O-O 14. Qe2 Nh5 15. Bxg7 Kxg7 16. Qe3 b5 17. c4 b4 18. e5 dxe5 19. Nxe5 Qc7 20. Rfb1 Qd6
21. Be2 Bf5 22. c5 Qc7 23. Rxb4 Nf6 24. Bf3 Nbd7 25. d6 exd6 26. cxd6 Qxd6 27. Nxd7 Bxd7 28. Rd4 Qc5 29. Nb3 Qb5 30. Bxa8 Rxa8
31. Rd6 Re8 32. Qc3 Re6 33. Rad1
1-0

[Event "The Sicilian Wing Gambit"]
[Site "SchemingMind.com"]
[Date "2008.08.13"]
[Round "-"]
[White "Andreas Flato"]
[Black "langhab"]
[Result "1-0"]
[WhiteCountry "GER"]
[BlackCountry "PHI"]
[WhiteElo "1779"]
[WhiteRD "62"]
[BlackElo "1657"]
[BlackRD "94"]
[GameID "166970"]

1. e4 c5 2. b4 e6 3. Nf3 Nf6 4. e5 Nd5 5. bxc5 Bxc5 6. Bc4 Nf4 7. O-O d5 8. exd6 Bxd6 9. d4 Ng6 10. c3 Nd7
11. Be3 O-O 12. Nbd2 a6 13. a4 b6 14. Qb3 Bb7 15. Bg5 Be7 16. Bxe7 Qxe7 17. Rfe1 Qd6 18. Ng5 Qf4 19. Ndf3 Nh4 20. Nxh4 Qxg5
21. g3 Qf6 22. Bf1 Rac8 23. Bg2 Bxg2 24. Kxg2 Rc6 25. Re3 Rfc8 26. Nf3 g5 27. Nd2 h5 28. Rf3 Qg6 29. Rc1 f5 30. d5 Ne5
31. dxc6 Nxf3 32. Nxf3 Rxc6 33. Ne5
1-0

[Event "The Sicilian Wing Gambit"]
[Site "SchemingMind.com"]
[Date "2008.08.17"]
[Round "-"]
[White "swashbuckler"]
[Black "langhab"]
[Result "1-0"]
[WhiteCountry "GBR"]
[BlackCountry "PHI"]
[WhiteElo "1932"]
[WhiteRD "83"]
[BlackElo "1731"]
[BlackRD "84"]
[GameID "167081"]

1. e4 c5 2. b4 cxb4 3. a3 bxa3 4. Nf3 d6 5. d4 Nc6 6. c3 Bg4 7. Bd3 e6 8. Nbd2 Be7 9. Qc2 Nf6 10. Bxa3 O-O
11. O-O Bh5 12. e5 dxe5 13. dxe5 Nd5 14. Bxe7 Ncxe7 15. Bxh7+ Kh8 16. Be4 a6 17. Nc4 Rc8 18. Ng5 Rxc4 19. Bxd5 Bg6 20. Be4 Nd5
21. Bxg6 Qxg5 22. Be4 Rxc3 23. Qb2 Rc4 24. Bxd5 exd5 25. Qxb7 Qxe5 26. Ra5 Rh4 27. h3 Rb8 28. Qxf7 Rb5 29. Rxa6 d4 30. Re6 Qg5
31. Re8+ Kh7 32. Qg8+ Kg6 33. Re6+
1-0

[Event "The Sicilian Wing Gambit"]
[Site "SchemingMind.com"]
[Date "2008.08.17"]
[Round "-"]
[White "swashbuckler"]
[Black "lemmie"]
[Result "0-1"]
[WhiteCountry "GBR"]
[BlackCountry "NED"]
[WhiteElo "1898"]
[WhiteRD "81"]
[BlackElo "1734"]
[BlackRD "47"]
[GameID "167082"]

1. e4 c5 2. b4 cxb4 3. a3 d5 4. exd5 Qxd5 5. Nf3 e5 6. Bb2 Nc6 7. c4 Qd8 8. Nxe5 Nxe5 9. Bxe5 bxa3 10. Nxa3 Qe7
11. Qe2 Be6 12. d4 Rd8 13. c5 Nf6 14. Nb5 a6 15. Nc7+ Kd7 16. O-O-O Nd5 17. Bd6 Qg5+ 18. f4 Nxf4 19. Qd2 Bxd6 20. cxd6 h6
21. g3 Nd5 22. Nxe6 Qxd2+ 23. Rxd2 Kxe6 24. Bh3+ Kxd6 25. Rf1 f6 26. Rb2 Kc7 27. Kd2 b6 28. Rc1+ Kd6 29. Kd3 Rb8 30. Ra1 a5
31. Rc1 Rhd8 32. Ke4 Re8+ 33. Kf5 Nb4 34. Kg6 Nd3
0-1

[Event "The Sicilian Wing Gambit"]
[Site "SchemingMind.com"]
[Date "2008.08.17"]
[Round "-"]
[White "swashbuckler"]
[Black "Andreas Flato"]
[Result "0-1"]
[WhiteCountry "GBR"]
[BlackCountry "GER"]
[WhiteElo "1898"]
[WhiteRD "81"]
[BlackElo "1810"]
[BlackRD "65"]
[GameID "167083"]

1. e4 c5 2. b4 e6 3. bxc5 Bxc5 4. d4 Be7 5. Bd3 d5 6. e5 Bd7 7. Nf3 Qc7 8. O-O Nc6 9. Bf4 h6 10. Nbd2 Nb4
11. Nb3 Nxd3 12. Qxd3 Bd8 13. Rfc1 Ne7 14. c4 dxc4 15. Rxc4 Qb6 16. Qc2 Nd5 17. Bd2 O-O 18. a4 a5 19. Nc5 Bc6 20. Rb1 Qa7
21. Qc1 Kh7 22. Qc2+ Kh8 23. Ne4 Bc7 24. g4 Nb6 25. Rc3 Bxa4 26. Qc1 Bc6 27. Rxc6 bxc6 28. Bxh6 Rg8 29. Ng3 g6 30. Qg5 Bd8
31. Qf4 Nd5 32. Qc1 Rb8 33. Rxb8 Qxb8 34. Qf1 Re8 35. Ne4 f5 36. Nd6 Be7 37. Nxe8 Qxe8 38. g5 a4 39. Qa6 a3 40. Nd2 Nc3
41. Qc4 Nd5 42. Qa6 Nf4 43. Nf3 Kg8 44. h4 Kf7 45. Nd2 Qb8 46. Qf1 Qb2 47. Nc4 Qxd4
0-1

[Event "The Sicilian Wing Gambit"]
[Site "SchemingMind.com"]
[Date "2008.08.17"]
[Round "-"]
[White "langhab"]
[Black "swashbuckler"]
[Result "0-1"]
[WhiteCountry "PHI"]
[BlackCountry "GBR"]
[WhiteElo "1731"]
[WhiteRD "84"]
[BlackElo "1932"]
[BlackRD "83"]
[GameID "167084"]

1. e4 c5 2. b4 cxb4 3. c4 bxc3 4. Nxc3 d6 5. Bb5+ Bd7 6. Qa4 a6 7. Bxd7+ Nxd7 8. f4 b5 9. Qd4 Qb6 10. Nf3 Ngf6
11. O-O g6 12. Qxb6 Nxb6 13. d3 Bg7 14. Bd2 O-O 15. e5 dxe5 16. fxe5 Nfd7 17. d4 Nc4 18. Nd5 e6 19. Ne7+ Kh8 20. Bb4 Rfe8
21. Ng5 h6 22. Nxf7+ Kh7 23. Rf3 a5 24. Bd6 Nxd6
0-1

[Event "The Sicilian Wing Gambit"]
[Site "SchemingMind.com"]
[Date "2008.08.17"]
[Round "-"]
[White "lemmie"]
[Black "swashbuckler"]
[Result "0-1"]
[WhiteCountry "NED"]
[BlackCountry "GBR"]
[WhiteElo "1734"]
[WhiteRD "47"]
[BlackElo "1898"]
[BlackRD "81"]
[GameID "167085"]

1. e4 c5 2. b4 cxb4 3. a3 bxa3 4. Bxa3 d6 5. Nf3 Nf6 6. Nc3 Nc6 7. Bb5 Bd7 8. O-O a6 9. Be2 e6 10. h3 b5
11. Na2 Nxe4 12. c3 Be7 13. Bd3 d5 14. Bxe7 Qxe7 15. Re1 O-O 16. Bxe4 dxe4 17. Rxe4 f5 18. Re1 e5 19. Nb4 e4 20. Nxa6 Qd6
21. Qb3+ Be6 22. Qxb5 exf3 23. gxf3 Bd5 24. Nb4 Nxb4 25. Rxa8 Rxa8 26. cxb4 Bxf3 27. d4 Qg6+
0-1

[Event "The Sicilian Wing Gambit"]
[Site "SchemingMind.com"]
[Date "2008.08.17"]
[Round "-"]
[White "Andreas Flato"]
[Black "swashbuckler"]
[Result "0-1"]
[WhiteCountry "GER"]
[BlackCountry "GBR"]
[WhiteElo "1810"]
[WhiteRD "65"]
[BlackElo "1898"]
[BlackRD "81"]
[GameID "167086"]

1. e4 c5 2. b4 cxb4 3. Nf3 d6 4. Bc4 Nf6 5. d3 Bd7 6. O-O e6 7. Bg5 Be7 8. a3 b5 9. Bb3 Nc6 10. axb4 Nxb4
11. c3 Nc6 12. Na3 a6 13. Re1 O-O 14. d4 Ne8 15. Bxe7 Nxe7 16. h3 d5 17. Ne5 Nd6 18. exd5 Nxd5 19. Bxd5 exd5 20. Nxd7 Qxd7
21. Re5 Ne4 22. Qf3 Rac8 23. Rc1 b4 24. Nb1 a5 25. Qe3 Qc6 26. f3 Nd6 27. Qd3 b3 28. Re2 Nc4 29. Kf2 a4 30. Qd1 b2
31. Rcc2 Rb8
0-1

[Event "The Sicilian Wing Gambit"]
[Site "SchemingMind.com"]
[Date "2008.08.18"]
[Round "-"]
[White "Sixmax"]
[Black "langhab"]
[Result "1-0"]
[WhiteCountry "DEN"]
[BlackCountry "PHI"]
[WhiteElo "2213"]
[WhiteRD "70"]
[BlackElo "1731"]
[BlackRD "84"]
[GameID "167648"]

1. e4 c5 2. b4 cxb4 3. d4 e6 4. Nf3 Nf6 5. Bd3 d6 6. O-O Be7 7. c3 bxc3 8. Nxc3 O-O 9. e5 Nd5 10. Nxd5 exd5
11. Qc2 g6 12. Bh6 Bg4 13. exd6 Bxd6 14. Bxf8 Bxf8 15. Ne5 Be6 16. f4 Bg7 17. f5 Bxe5 18. dxe5 Bd7 19. e6 fxe6 20. fxg6 Nc6
21. gxh7+ Kh8 22. Rf2 Qb6 23. Rf1 e5 24. Qb2 Qxb2 25. Rf8+
1-0

[Event "The Sicilian Wing Gambit"]
[Site "SchemingMind.com"]
[Date "2008.08.19"]
[Round "-"]
[White "Sixmax"]
[Black "swashbuckler"]
[Result "1-0"]
[WhiteCountry "DEN"]
[BlackCountry "GBR"]
[WhiteElo "2222"]
[WhiteRD "75"]
[BlackElo "1936"]
[BlackRD "86"]
[GameID "167649"]

1. e4 c5 2. b4 cxb4 3. d4 d5 4. exd5 Nf6 5. Bb5+ Bd7 6. Bc4 Bf5 7. Bg5 Nbd7 8. Nf3 Nb6 9. Bb5+ Bd7 10. Qd3 Bxb5
11. Qxb5+ Qd7 12. Qxb4 e6 13. Qb3 Qxd5 14. O-O Be7 15. Rc1 Rc8 16. Nbd2 O-O 17. c4 Qf5 18. c5 Nbd5 19. Qxb7 Rb8 20. Qa6 h6
21. Bh4 g5 22. Bg3 Nf4 23. Rab1 Ne4 24. Rxb8 Rxb8 25. c6 Nxd2 26. Nxd2 Rb2 27. c7
1-0

[Event "The Sicilian Wing Gambit"]
[Site "SchemingMind.com"]
[Date "2008.08.19"]
[Round "-"]
[White "Sixmax"]
[Black "lemmie"]
[Result "1-0"]
[WhiteCountry "DEN"]
[BlackCountry "NED"]
[WhiteElo "2197"]
[WhiteRD "76"]
[BlackElo "1734"]
[BlackRD "47"]
[GameID "167650"]

1. e4 c5 2. b4 cxb4 3. d4 d5 4. exd5 Nf6 5. Bc4 Nxd5 6. Nf3 e6 7. O-O Be7 8. a3 Nc6 9. axb4 Ncxb4 10. c3 Nc6
11. Qc2 O-O 12. Ba3 Re8 13. Nbd2 Bxa3 14. Rxa3 a6 15. Ne4 b5 16. Bxb5 Bd7 17. Ba4 Nce7 18. Bxd7 Qxd7 19. Rfa1 Qb7 20. Nd6
1-0

[Event "The Sicilian Wing Gambit"]
[Site "SchemingMind.com"]
[Date "2008.08.18"]
[Round "-"]
[White "Sixmax"]
[Black "Andreas Flato"]
[Result "1-0"]
[WhiteCountry "DEN"]
[BlackCountry "GER"]
[WhiteElo "2174"]
[WhiteRD "77"]
[BlackElo "1796"]
[BlackRD "62"]
[GameID "167651"]

1. e4 c5 2. b4 cxb4 3. d4 e6 4. Nf3 Nf6 5. Bd3 Be7 6. O-O O-O 7. e5 Nd5 8. Bd2 Nc6 9. c4 bxc3 10. Nxc3 Nxc3
11. Bxc3 d5 12. Qc2 h6 13. Rab1 b6 14. a4 Bd7 15. Ba6 Rb8 16. Rfc1 Ba3 17. Re1 Qe7 18. Qb3
1-0

[Event "The Sicilian Wing Gambit"]
[Site "SchemingMind.com"]
[Date "2008.08.18"]
[Round "-"]
[White "langhab"]
[Black "Sixmax"]
[Result "0-1"]
[WhiteCountry "PHI"]
[BlackCountry "DEN"]
[WhiteElo "1731"]
[WhiteRD "84"]
[BlackElo "2213"]
[BlackRD "70"]
[GameID "167652"]

1. e4 c5 2. b4 cxb4 3. c4 e5 4. Nf3 Nc6 5. Bb2 Qf6 6. Be2 Bc5 7. d3 d6 8. a3 Qg6 9. O-O Bh3 10. Nh4 Qg5
11. g3 Bxf1 12. Bxf1 Qf6 13. Qf3 bxa3 14. Nxa3 Qxf3 15. Nxf3 Nf6 16. Bh3 O-O 17. Nb5 h5 18. Kg2 Nb4 19. d4 exd4 20. Bxd4 Nxe4
21. Bxc5 dxc5 22. Bf5 a6 23. Nc7 Nd6 24. Bh3 Ra7 25. Ne5 Rd8 26. Nd7 b5 27. Nxb5 Raxd7 28. Bxd7 Rxd7
0-1

[Event "The Sicilian Wing Gambit"]
[Site "SchemingMind.com"]
[Date "2008.08.22"]
[Round "-"]
[White "swashbuckler"]
[Black "Sixmax"]
[Result "0-1"]
[WhiteCountry "GBR"]
[BlackCountry "DEN"]
[WhiteElo "1902"]
[WhiteRD "82"]
[BlackElo "2231"]
[BlackRD "69"]
[GameID "167653"]

1. e4 c5 2. b4 cxb4 3. a3 e5 4. Nf3 Nf6 5. Bc4 Nxe4 6. d3 Nd6 7. Bb3 Nc6 8. Qe2 bxa3 9. Nxa3 Nf5 10. O-O d6
11. Bb2 Be7 12. Rfe1 O-O 13. Nc4 Be6 14. Ne3 Nxe3 15. Qxe3 Bxb3 16. cxb3 Nb4 17. Rec1 f5 18. Qe2 Qd7 19. h4 Qb5 20. Ng5 Bxg5
21. hxg5 Qxd3 22. Qh5 Qxb3 23. Rab1 Nd3
0-1

[Event "The Sicilian Wing Gambit"]
[Site "SchemingMind.com"]
[Date "2008.08.19"]
[Round "-"]
[White "lemmie"]
[Black "Sixmax"]
[Result "0-1"]
[WhiteCountry "NED"]
[BlackCountry "DEN"]
[WhiteElo "1721"]
[WhiteRD "48"]
[BlackElo "2231"]
[BlackRD "69"]
[GameID "167654"]

1. e4 c5 2. b4 cxb4 3. a3 d5 4. e5 e6 5. axb4 Bxb4 6. c3 Be7 7. Nf3 Nc6 8. d4 h5 9. h3 Nh6 10. Nbd2 Qc7
11. Be2 Bd7 12. O-O O-O 13. Nh2 h4 14. Ndf3 Nf5 15. Ba3 Rfc8 16. Bd3 Bd8 17. Bxf5 exf5 18. Bd6 Qb6 19. Bc5 Qb5 20. Rb1 Qa6
21. Ra1 Qc4 22. Re1 b6 23. Nd2 Qd3 24. Re3 Qb5 25. c4 dxc4 26. Rb1 Qa6 27. Ra3 Na5 28. Bb4= Be6 29. Nhf3 Rc7 30. Nf1 Rd7
31. Ne3 f4 32. Nc2 Qc8 33. Bxa5 bxa5 34. Qc1 g5 35. Rc3 Bd5 36. Na3 Qc6 37. Qd1 Bxf3 38. Rxf3 Qe4 39. Qf1 Rxd4 40. Rc1 Qxe5
41. Nxc4 Qd5 42. Nb2 Rb8 43. Nd1 Qd7 44. Qe2 Rd2 45. Qe1 f5 46. Nc3 Rbb2 47. Nd1 Rb4 48. Ra3 Re4 49. Qf1 Ree2 50. Rf3 Bb6
51. Rb1 Qe6
0-1

[Event "The Sicilian Wing Gambit"]
[Site "SchemingMind.com"]
[Date "2008.08.18"]
[Round "-"]
[White "Andreas Flato"]
[Black "Sixmax"]
[Result "0-1"]
[WhiteCountry "GER"]
[BlackCountry "DEN"]
[WhiteElo "1796"]
[WhiteRD "62"]
[BlackElo "2174"]
[BlackRD "77"]
[GameID "167655"]

1. e4 c5 2. b4 cxb4 3. a3 d5 4. exd5 Qxd5 5. Nf3 e5 6. Bb2 Nc6 7. axb4 Bxb4 8. Nc3 Bxc3 9. Bxc3 Nge7 10. Be2 Ng6
11. O-O O-O 12. Rb1 Nf4 13. Rb5 Qe6 14. Nxe5 Nxe2+ 15. Qxe2 a6 16. Rc5 f6 17. Re1 fxe5
0-1

[Event "The Sicilian Wing Gambit"]
[Site "SchemingMind.com"]
[Date "2008.08.25"]
[Round "-"]
[White "schakert"]
[Black "langhab"]
[Result "1/2-1/2"]
[WhiteCountry "NED"]
[BlackCountry "PHI"]
[WhiteElo "1839"]
[WhiteRD "63"]
[BlackElo "1731"]
[BlackRD "84"]
[GameID "168436"]

1. e4 c5 2. b4 cxb4 3. a3 Qa5 4. Bb2 e5 5. Qh5 Nc6 6. Nf3 g6 7. Qg5 f6 8. Qg3 d6 9. axb4 Qxb4 10. Ba3 Qxe4+
11. Kd1 Qg4 12. Nc3 Qxg3 13. hxg3 Be6 14. Bd3 O-O-O 15. Bxg6 Nge7 16. Bd3 h5 17. Nh4 Nd4 18. Ne4 Nd5 19. c4 Nb6 20. c5 dxc5
21. Nxc5 Bxc5 22. Bxc5 Nb3 23. Bxb6 Nxa1 24. Bxd8 Kxd8 25. Nf5 Bxf5 26. Bxf5 Nb3 27. Bg6 Nd4 28. Rxh5 Rxh5 29. Bxh5 Ke7 30. f4 b5
31. d3 b4 32. Kd2 Nf5 33. fxe5 Nxg3 34. exf6+=
1/2-1/2

[Event "The Sicilian Wing Gambit"]
[Site "SchemingMind.com"]
[Date "2008.08.25"]
[Round "-"]
[White "schakert"]
[Black "swashbuckler"]
[Result "1-0"]
[WhiteCountry "NED"]
[BlackCountry "GBR"]
[WhiteElo "1783"]
[WhiteRD "65"]
[BlackElo "1910"]
[BlackRD "90"]
[GameID "168437"]

1. e4 c5 2. b4 cxb4 3. Nf3 d6 4. d4 Nf6 5. Bd3 Nc6 6. d5 Ne5 7. Nxe5 dxe5 8. Bb2 e6 9. Bxe5 Be7 10. d6 Bxd6
11. Bxd6 Qxd6 12. Bb5+
1-0

[Event "The Sicilian Wing Gambit"]
[Site "SchemingMind.com"]
[Date "2008.08.25"]
[Round "-"]
[White "schakert"]
[Black "Andreas Flato"]
[Result "1/2-1/2"]
[WhiteCountry "NED"]
[BlackCountry "GER"]
[WhiteElo "1783"]
[WhiteRD "65"]
[BlackElo "1796"]
[BlackRD "62"]
[GameID "168439"]

1. e4 c5 2. b4 cxb4 3. a3 e6 4. axb4 Bxb4 5. c3 Be7 6. Ba3 Bxa3 7. Nxa3 Ne7 8. Qb3 O-O 9. d4 d5 10. e5 b6
11. Nb5 Nbc6 12. Nd6 Na5 13. Qc2 Nec6 14. Bb5 Qc7 15. Nf3 a6 16. Bxc6 Qxc6 17. Ng5 g6 18. Qd3 Nc4 19. Qh3 h5 20. Ndxf7 Rxf7
21. Nxf7 Kxf7 22. Qf3+ Kg7=
1/2-1/2

[Event "The Sicilian Wing Gambit"]
[Site "SchemingMind.com"]
[Date "2008.08.24"]
[Round "-"]
[White "langhab"]
[Black "schakert"]
[Result "1/2-1/2"]
[WhiteCountry "PHI"]
[BlackCountry "NED"]
[WhiteElo "1715"]
[WhiteRD "97"]
[BlackElo "1821"]
[BlackRD "67"]
[GameID "168441"]

1. e4 c5 2. b4 cxb4 3. c4 Nc6 4. d4 e5 5. d5 Nd4 6. Be3 Bc5 7. Nf3 Nxf3+ 8. Qxf3 Qb6 9. Nd2 d6 10. Nb3 Bxe3
11. fxe3 Bg4 12. Qxg4 Qxe3+ 13. Be2 Qc3+ 14. Kf2 Nf6 15. Qf3 Qc2 16. Ke3 a5 17. Bd3 Qb2 18. Rhc1 a4 19. Rcb1 Qc3 20. Rc1 Qb2
21. Rcb1=
1/2-1/2

[Event "The Sicilian Wing Gambit"]
[Site "SchemingMind.com"]
[Date "2008.08.24"]
[Round "-"]
[White "swashbuckler"]
[Black "schakert"]
[Result "0-1"]
[WhiteCountry "GBR"]
[BlackCountry "NED"]
[WhiteElo "1898"]
[WhiteRD "81"]
[BlackElo "1794"]
[BlackRD "67"]
[GameID "168442"]

1. e4 c5 2. b4 cxb4 3. a3 d5 4. exd5 Qxd5 5. Nf3 Bg4 6. Bb2 Bxf3 7. gxf3 Nc6 8. c4 Qe6+ 9. Qe2 Qxe2+ 10. Kxe2 e5
11. Bh3 Nf6 12. axb4 Bxb4 13. Na3 Nh5 14. Bf5 Nf4+ 15. Kf1 Rd8 16. Nb5 Rxd2 17. Rb1 O-O 18. Rg1 g6 19. Be4 Nh3 20. Rg2 Nf4
21. Rg3 Rfd8 22. Nc3 Rxb2 23. Rxb2 Bxc3 24. Rb1 Nd4 25. Bd5 Nf5
0-1

[Event "The Sicilian Wing Gambit"]
[Site "SchemingMind.com"]
[Date "2008.08.25"]
[Round "-"]
[White "lemmie"]
[Black "schakert"]
[Result "1-0"]
[WhiteCountry "NED"]
[BlackCountry "NED"]
[WhiteElo "1728"]
[WhiteRD "48"]
[BlackElo "1783"]
[BlackRD "65"]
[GameID "168443"]

1. e4 c5 2. b4 e5 3. bxc5 Nc6 4. Ba3 Qa5 5. Nf3 Bxc5 6. Bxc5 Qxc5 7. Nc3 d6 8. Be2 Bg4 9. Rb1 Bxf3 10. Bxf3 Rb8
11. Nd5 Nce7 12. d4 Qxd4 13. Nc7+ Kd8 14. Nb5 Qxd1+ 15. Bxd1 d5 16. exd5 Nxd5 17. Bf3 e4 18. Bxe4 Ndf6 19. Bf3 a6 20. Nd6 Ke7
21. Nxb7 Nh6 22. Kd2 Rhc8 23. Rb3 Kf8 24. Rc1 Nf5 25. Nc5 Nd4 26. Rxb8 Nxf3+ 27. gxf3 Rxb8 28. Nxa6 Rb6 29. Nc5 Rb5 30. Ne4
1-0

[Event "The Sicilian Wing Gambit"]
[Site "SchemingMind.com"]
[Date "2008.08.24"]
[Round "-"]
[White "Andreas Flato"]
[Black "schakert"]
[Result "0-1"]
[WhiteCountry "GER"]
[BlackCountry "NED"]
[WhiteElo "1796"]
[WhiteRD "62"]
[BlackElo "1783"]
[BlackRD "65"]
[GameID "168444"]

1. e4 c5 2. b4 b6 3. Nf3 e6 4. Be2 cxb4 5. O-O Bb7 6. d3 d5 7. exd5 Bxd5 8. Bb2 Nf6 9. Nbd2 Nc6 10. a3 Bd6
11. axb4 Nxb4 12. c3 Nc6 13. c4 Bxf3 14. Bxf3 Qc7 15. h3 O-O 16. Qa4 Rac8 17. Nb3 a5 18. Rac1 Bf4 19. Rc2 Nb4 20. Re2 Nxd3
21. Rd1 Nxb2 22. Rxb2 Qxc4
0-1

[Event "The Sicilian Wing Gambit"]
[Site "SchemingMind.com"]
[Date "2008.08.24"]
[Round "-"]
[White "Sixmax"]
[Black "schakert"]
[Result "1-0"]
[WhiteCountry "DEN"]
[BlackCountry "NED"]
[WhiteElo "2231"]
[WhiteRD "69"]
[BlackElo "1821"]
[BlackRD "67"]
[GameID "168445"]

1. e4 c5 2. b4 Nc6 3. bxc5 e5 4. Nf3 Bxc5 5. Nc3 d6 6. Rb1 Nf6 7. Bc4 O-O 8. O-O Bg4 9. h3 Bxf3 10. Qxf3 Rb8
11. Nd5 Nxd5 12. Bxd5 Ne7 13. Bb3 b5 14. Bb2 Ng6 15. c3 a5 16. d4 Ba7 17. Rfd1 Qg5 18. Bc1 Qe7 19. Be3 Rfc8 20. Rdc1 b4
21. cxb4 exd4 22. Rxc8+ Rxc8 23. Qf5 Re8 24. Bg5 Qb7 25. Bd5 Qb8 26. Qxf7+ Kh8 27. Bf6
1-0

[Event "The Sicilian Wing Gambit"]
[Site "SchemingMind.com"]
[Date "2008.08.25"]
[Round "-"]
[White "myghtyhill"]
[Black "langhab"]
[Result "0-1"]
[WhiteCountry "CHN"]
[BlackCountry "PHI"]
[WhiteElo "1639"]
[WhiteRD "90"]
[BlackElo "1731"]
[BlackRD "84"]
[GameID "168523"]

1. e4 c5 2. b4 b6 3. bxc5 bxc5 4. Nf3 d6 5. Bc4 e6 6. Nc3 Nc6 7. O-O Bb7 8. Rb1 Rb8 9. d4 cxd4 10. Nxd4 Be7
11. Rxb7 Rxb7 12. Nxc6 Qc7 13. Nxe7 Nxe7
0-1

[Event "The Sicilian Wing Gambit"]
[Site "SchemingMind.com"]
[Date "2008.08.25"]
[Round "-"]
[White "myghtyhill"]
[Black "swashbuckler"]
[Result "0-1"]
[WhiteCountry "CHN"]
[BlackCountry "GBR"]
[WhiteElo "1684"]
[WhiteRD "85"]
[BlackElo "1898"]
[BlackRD "81"]
[GameID "168524"]

1. e4 c5 2. b4 cxb4 3. d4 d5 4. e5 Nc6 5. Nf3 Bf5 6. Bd3 Bxd3 7. Qxd3 e6 8. O-O Qb6 9. Be3 Nge7 10. c4 dxc4
11. Qxc4 Nd5 12. Nbd2 Be7 13. Nb3 O-O 14. Nc5 Bxc5 15. dxc5 Qc7 16. Bd4 Nxd4 17. Qxd4 Rfd8 18. Qc4 Rac8 19. Rfc1 Nc3 20. Rxc3 bxc3
21. Qxc3 Qxc5 22. Qxc5 Rxc5 23. h3 Rc2 24. a4 h6 25. Rb1 Rd7 26. Ne1 Ra2 27. a5 Rxa5 28. Nc2 Rxe5 29. Ne3 b5
0-1

[Event "The Sicilian Wing Gambit"]
[Site "SchemingMind.com"]
[Date "2008.08.25"]
[Round "-"]
[White "myghtyhill"]
[Black "lemmie"]
[Result "0-1"]
[WhiteCountry "CHN"]
[BlackCountry "NED"]
[WhiteElo "1697"]
[WhiteRD "81"]
[BlackElo "1728"]
[BlackRD "48"]
[GameID "168525"]

1. e4 c5 2. b4 cxb4 3. Nf3 d5 4. Bd3 Bg4 5. O-O Nf6 6. Re1 Nc6 7. e5 Nd7 8. h3 Bxf3 9. Qxf3 Ndxe5 10. Qg3 Nxd3
11. Qxd3 e6 12. Qb5 Rb8 13. Bb2 a6 14. Qe2 Na5 15. c3 Nc4 16. d3 Nxb2 17. Qxb2 bxc3 18. Qxc3 Rc8 19. Qb3 Qa5 20. Rf1 Bb4
21. a3 Bd6 22. Ra2 O-O 23. Re2 Rc7 24. Rfe1 Rfc8 25. Nd2 h6 26. Nf3 b5 27. Ne5 Rc1 28. Rxc1 Rxc1+
0-1

[Event "The Sicilian Wing Gambit"]
[Site "SchemingMind.com"]
[Date "2008.08.25"]
[Round "-"]
[White "myghtyhill"]
[Black "schakert"]
[Result "1-0"]
[WhiteCountry "CHN"]
[BlackCountry "NED"]
[WhiteElo "1697"]
[WhiteRD "81"]
[BlackElo "1783"]
[BlackRD "65"]
[GameID "168526"]

1. e4 c5 2. b4 cxb4 3. d4 d5 4. e5 Bf5 5. Nf3 Qc7 6. Bb5+ Nd7 7. O-O g6 8. Bf4 Bh6 9. Qd2 Bxf4 10. Qxf4 Nf6
11. Ng5 Nh5 12. Qh4 Bxc2 13. e6 fxe6 14. Nxe6 Qd6 15. Re1 Be4 16. Nc5 Nf6 17. Nd2 O-O-O 18. Rac1 Nxc5 19. dxc5 Qe5 20. c6 g5
21. Qh3+ g4 22. Qb3 Rdf8 23. cxb7+ Kb8 24. Qxb4 d4 25. Rc5 Nd5 26. Qc4 Rxf2 27. Rc8+
1-0

[Event "The Sicilian Wing Gambit"]
[Site "SchemingMind.com"]
[Date "2008.08.25"]
[Round "-"]
[White "myghtyhill"]
[Black "Andreas Flato"]
[Result "0-1"]
[WhiteCountry "CHN"]
[BlackCountry "GER"]
[WhiteElo "1697"]
[WhiteRD "81"]
[BlackElo "1796"]
[BlackRD "62"]
[GameID "168527"]

1. e4 c5 2. b4 e5 3. Nf3 f6 4. Bc4 cxb4 5. O-O Bc5 6. a3 Ne7 7. axb4 Bxb4 8. c3 Ba5 9. d4 exd4 10. cxd4 Nbc6
11. e5 fxe5 12. dxe5 Ng6 13. Bg5 Qc7 14. Qb3 d6 15. exd6 Qxd6 16. Bf7+ Kf8 17. Rd1 Qc5 18. Be3 Qe7 19. Bxg6 hxg6 20. Qb5 a6
21. Qd5 Be6 22. Bc5 Bxd5 23. Bxe7+ Kxe7 24. Rxd5 Bb4 25. Nbd2 a5 26. Re1+ Kf7 27. Ng5+ Kg8 28. Re6 Rh6 29. Nde4 a4 30. Rd2 Bxd2
31. Nxd2 a3 32. Nb3 a2 33. Re1 Rh4 34. g3 Rb4 35. Re8+ Rxe8
0-1

[Event "The Sicilian Wing Gambit"]
[Site "SchemingMind.com"]
[Date "2008.08.25"]
[Round "-"]
[White "myghtyhill"]
[Black "Sixmax"]
[Result "0-1"]
[WhiteCountry "CHN"]
[BlackCountry "DEN"]
[WhiteElo "1684"]
[WhiteRD "85"]
[BlackElo "2197"]
[BlackRD "76"]
[GameID "168528"]

1. e4 c5 2. b4 cxb4 3. a3 d5 4. exd5 Qxd5 5. Nf3 e5 6. Qe2 Nc6 7. Qc4 Nf6 8. Bb2 Bd6 9. Qh4 e4 10. Bxf6 exf3
11. gxf3 Qxf3 12. Bxg7 Bg4
0-1